000 01017nac a22002777a 4500
001 BR7801698
003 BR-BrBNA
005 20240105114218.0
008 230509b bl.|||m| |||| 00| 0 por d
040 _aBR-BrBNA
_bpor
_cBiblioteca Nacional de Agricultura
072 _aE30; C00
090 _aE30 BR7801698
110 1 _aAssociacao de Credito e Assistencia Rural do Estado do Para, Belem (Brasil)
_9493
245 1 _aRelatorio de atividade 1976 [Extensao rural; Assistencia tecnica; Credito rural; Associacao de Credito e Assistencia Rural do Estado do Para; Brasil]
260 3 _aBelem, PA (Brasil):
_c1977.
300 _a23 p.
490 _aRelatorio - Associacao de Credito e Assistencia Rural do Estado do Para (Brazil)
_v
_x
500 _aNumerical data; Summary (Pt)
650 _aDesenvolvimento agricola
650 _aExtensao Rural
650 _aAssistencia tecnica
650 _aCredito rural
650 _aPara
909 _a202312
_bLúcia Elande
_c55
_dLúcia Elande
942 _2AGRIS
_n0
_cMS
999 _c268037
_d268037